Moments in silence : (Record no. 613696)

000 -LEADER
fixed length control field 00381nam a22001217a 4500
082 ## - DEWEY DECIMAL CLASSIFICATION NUMBER
Classification number 923.5
Author Mark CHA
100 ## - MAIN ENTRY--PERSONAL NAME
Personal name Chaudhry, Zafar Aziz
245 ## - TITLE STATEMENT
Title Moments in silence :
Remainder of title a miscellany of selected essays and some other writings /
Statement of responsibility, etc. Zafar Aziz Chaudhry
260 ## - PUBLICATION, DISTRIBUTION, ETC.
Place of publication, distribution, etc. Lahore :
Name of publisher, distributor, etc. Sh. Ghulam Ali & Sons (pvt) Ltd,
Date of publication, distribution, etc. 2018.
300 ## - PHYSICAL DESCRIPTION
Extent 312 p.
563 ## - BINDING INFORMATION
Binding note HB.
942 ## - ADDED ENTRY ELEMENTS (KOHA)
Source of classification or shelving scheme
Koha item type Book
Holdings
Withdrawn status Lost status Source of classification or shelving scheme Damaged status Not for loan Permanent Location Current Location Date acquired Total Checkouts Full call number Barcode Date last seen Price effective from Koha item type
          NUST Law School (NLS) NUST Law School (NLS) 05/12/2025   923.5 CHA NLSD-33 05/12/2025 05/12/2025 Book
© 2023 Central Library, National University of Sciences and Technology. All Rights Reserved.